00320nam a2200121Ia 450000500170000000800410001708200130005810000160007124500170008726000430010430000130014750000380016020250508050721.0240331s9999 xx 000 0 und d bMAHa891 aMahendran,K 0aPirasavangal aTellippalaibSivan Kalvi Nilayamc1986 a125 p ., aA Short Story Collection in Tamil